Historia de la repudiación o repudium en Derecho Romano (Record no. 126581)

MARC details
000 -LEADER
campo de control de longitud fija 00459nam a2200145 4500
001 - NÚMERO DE CONTROL
campo de control 126581
003 - IDENTIFICADOR DE NÚMERO DE CONTROL
campo de control ES-MaACL
005 - FECHA Y HORA DE LA ÚLTIMA TRANSACCIÓN
campo de control 20230906192838.0
007 - CAMPO FIJO DE DESCRIPCIÓN FÍSICA--INFORMACIÓN GENERAL
campo de control de longitud fija t|
008 - DATOS DE LONGITUD FIJA--INFORMACIÓN GENERAL
campo de control de longitud fija 070214s1913 sp r ||||1| spa d
100 1# - ENTRADA PRINCIPAL--NOMBRE DE PERSONA
Nombre de persona Requejo San Román, Jesús.
9 (RLIN) 96285
245 10 - MENCIÓN DEL TÍTULO
Título Historia de la repudiación o repudium en Derecho Romano
Resto del título : tesis doctoral /
Mención de responsabilidad, etc. Jesús Requejo San Román.
260 ## - PUBLICACIÓN, DISTRIBUCIÓN, ETC.
Lugar de publicación, distribución, etc. Madrid :
Nombre del editor, distribuidor, etc. Progreso Gráfico,
Fecha de publicación, distribución, etc. 1913.
852 ## - LOCALIZACIÓN
Ubicación ES-MaACL
Número de control de estantería T-1371-F-3
Holdings
Estatus retirado Estado de pérdida Estado de daño No para préstamo Colección Biblioteca de origen Biblioteca actual Ubicación en estantería Fecha de adquisición Fuente de adquisición Total de préstamos Signatura topográfica completa Código de barras Visto por última vez Precio de reemplazo Tipo de ítem Koha
        Colección de folletos Biblioteca del Ateneo de Madrid Biblioteca del Ateneo de Madrid Depósito folletos 17/01/2008     T-1371-F-3 1131843 23/02/2023 23/02/2023 Folleto